Implementación de un sistema de tratamiento para aguas grises mediante humedales en la comunidad paso ancho, del municipio de Estelí

La realización del proyecto implicó la captación de aguas grises y la aplicación de ensayos en un laboratorio especializado en la caracterización del líquido en cuanto a concentraciones de contaminantes microbiológicos (coliformes) y físico-químicos, antes y después de las tres unidades de...

Full description

Bibliographic Details
Main Authors: Centeno Zeledón, Ever Ubaldo, Gutiérrez Castilblanco, Pastor Ulises
Other Authors: Tutor: Navarro Hudiel, Sergio Junior
Format: Tesis Section = Libro
Language:Undetermined
Spanish
Published: Managua UNI 2019
Subjects:
LEADER 01315nam a2200277Ia 4500
008 240830s9999 xx 000 0 und d
040 |a BIBLIOTECA-RUPAP Mon 628.162 C397 
041 |a spa 
082 |a Mon 628.162 C397 
100 1 |a Centeno Zeledón, Ever Ubaldo 
100 1 |b  Gutiérrez Castilblanco, Pastor Ulises 
245 1 0 |a Implementación de un sistema de tratamiento para aguas grises mediante humedales en la comunidad paso ancho, del municipio de Estelí 
260 |a Managua  |b UNI  |c 2019 
300 |a 151 p. :il. 
500 |a Contiene: anexos y CD. 
502 |a Tesis (Ingeniero Civil)- UNI, 2019. 
520 3 |a La realización del proyecto implicó la captación de aguas grises y la aplicación de ensayos en un laboratorio especializado en la caracterización del líquido en cuanto a concentraciones de contaminantes microbiológicos (coliformes) y físico-químicos, antes y después de las tres unidades de tratamiento; estos ensayos de laboratorio fueron llevado a cabo en las instalaciones del PIENSA. 
650 7 |a AGUA-TRATAMIENTO 
650 7 |b UTILIZACION DEL AGUA 
650 7 |c AGUAS GRISES 
650 7 |d CALIDAD DEL AGUA 
650 7 |e AGUAS RESIDUALES DOMESTICAS 
700 1 |a Tutor:  |b Navarro Hudiel, Sergio Junior 
942 |c BK  |2 ddc 
991 |a TESIS 
999 |c 16276